Les meilleurs buteurs de Ligue 1 (2024-2025) - Statistiques

Statistiques générales
  • Ce quiz a été pris 161 fois
  • Le résultat moyen est 10 sur 15
Statistiques - réponses
Club Buts Joueurs % Correct
Pairs Saint-Germain 21 Ousmane Dembélé
100%
Paris Saint-Germain 14 Bradley Barcola
93%
Olympique Lyonnais 15 Alexandre Lacazette
92%
Olympique de Marseille 21 Mason Greenwood
90%
Lille OSC 16 Jonathan David
85%
Stade Brestois 13 Ludovic Ajorque
71%
Olympique de Marseille 13 Amine Gouiri
67%
Stade Rennais 17 Arnaud Kalimuendo
67%
RC Strasbourg 14 Emmanuel Emegha
65%
AS Saint-Etienne 12 Lucas Stassin
64%
Olympique Lyonnais 11 George Mikautadze
54%
OGC Nice 11 Gaëtan Laborde
53%
AS Monaco 13 Mika Biereth
46%
OGC Nice 12 Evan Guessand
44%
Stade de Reims 11 Keito Nakamura
38%
Aucun quiz correspondant
Distribution des résultats
% des personnes avec chaque résultat
Percentile par nombre de réponses
Votre historique - résultats
Vous n’avez pas pris ce quiz